MARC

Tag First Indicator Second Indicator Subfields
LEADER 00000cam a2200000 a 4500
001 in00000018664
005 20151007054025.0
008 870220s1987 nmua b 10000 eng
010 |a  87005592  
020 |a 0912535032 (pbk.) :  |c $21.00 
035 |a (OCoLC)15283078 
035 |9 AAB3735AM 
040 |a DLC  |c DLC  |d TXA  |d UtOrBLW 
043 |a n-ust-- 
049 |a TXAM  |c [A11495362] 
050 0 0 |a E78.S7  |b A77 1987 
082 0 |a 979/.01  |2 19 
245 0 0 |a Astronomy and ceremony in the prehistoric Southwest /  |c edited by John B. Carlson and W. James Judge. 
264 1 |a [Albuquerque, N.M.] :  |b Maxwell Museum of Anthropology,  |c [1987] 
300 |a x, 232 pages :  |b illustrations ;  |c 28 cm. 
336 |a text  |b txt  |2 rdacontent 
337 |a unmediated  |b n  |2 rdamedia 
338 |a volume  |b nc  |2 rdacarrier 
490 1 |a Papers of the Maxwell Museum of Anthropology ;  |v no. 2 
500 |a Chiefly papers presented at a symposium sponsored by the Maxwell Museum of Anthropology at the University of New Mexico, held Oct. 12-14,1983. 
504 |a Includes bibliographies. 
650 0 |a Indian astronomy  |z Southwest, New  |x Congresses. 
650 0 |a Indians of North America  |z Southwest, New  |x Rites and ceremonies  |x Congresses. 
650 0 |a Archaeoastronomy  |z Southwest, New  |x Congresses. 
650 0 |a Indians of North America  |z Southwest, New  |x Antiquities  |x Congresses. 
651 0 |a Southwest, New  |x Antiquities  |x Congresses. 
700 1 |a Carlson, John B.,  |d 1945- 
700 1 |a Judge, W. James  |q (William James) 
710 2 |a Maxwell Museum of Anthropology. 
830 0 |a Papers of the Maxwell Museum of Anthropology ;  |v no. 2. 
999 |a MARS 
999 f f |s 64b4f3b4-4ce3-375f-b527-40b5d8fa2f41  |i 4bdc64de-48ee-3c31-a403-2d28dff9c2b1  |t 0 
952 f f |p ric  |a Texas A&M University  |b Rellis Campus  |c Joint Library Facility  |d Remote Storage  |t 0  |e E78.S7 A77 1987  |h Library of Congress classification  |i unmediated -- volume  |m A14811495362 
998 f f |a E78.S7 A77 1987  |t 0  |l Remote Storage